000 00320nam a22001337a 4500
008 181023b xxu||||| |||| 00| 0 eng d
020 _a9780763737481
041 _aeng
080 _a621
100 _a27
101 _aMEK
245 _aComplex Analysis for Mathematics and Engineering
_cMathews, J.H
942 _2udc
_cBK
999 _c50731
_d50731